| 000 | 00909nam a22002295i 4500 | ||
|---|---|---|---|
| 001 | 176813 | ||
| 003 | ES-MaACL | ||
| 005 | 20251009181747.0 | ||
| 008 | 110211s1955 sp |||| | spa d | ||
| 080 | _a821.134.2 | ||
| 080 | _a002 | ||
| 100 | 1 |
_aMelo, Antonio de. _9145158 |
|
| 245 | 1 | 0 |
_aLibro de varios sonetos, romances, cartas y décimas _b: con los proverbios de Barros (Módena, 1603) / _cAntonio de Melo ; [introducción bibliográfica por Antonio Pérez Gómez]. |
| 260 |
_aValencia : _bLa fonte que mana y corre, _c1955. |
||
| 300 |
_aXV, 124 p. ; _c18 cm. |
||
| 490 | 1 |
_aDuque y marqués : opúsculos literarios rarísimos ; _v7 |
|
| 500 | _aRproducción facs. de la port. | ||
| 700 | 0 |
_aPérez y Gómez, Antonio, _d1902-1976 _991216 |
|
| 830 | 0 |
_aDuque y marqués : opúsculos literarios rarísimos ; _v7 _9190262 |
|
| 852 |
_aES-MaACL _jE-14294 _xOlim P-292 |
||
| 999 |
_c176813 _d176813 |
||